[Event "Santa Cruz Regional Norte zt"]
[Site "Santa Cruz"]
[Date "2017.05.07"]
[Round "5"]
[White "Frankental, David"]
[Black "Dantas, David Luan de Barro"]
[Result "1-0"]
[WhiteElo "1841"]
[BlackElo "1862"]
[PlyCount "53"]
[EventDate "2017.05.05"]
[EventType "swiss"]
[EventRounds "6"]
[EventCountry "BRA"]
[SourceTitle "EXT 2018"]
[Source "ChessBase"]
[SourceDate "2017.10.13"]
[SourceVersion "1"]
[SourceVersionDate "2017.10.13"]
[SourceQuality "1"]

1. d4 Nf6 2. c4 g6 3. Nc3 Bg7 4. e4 d6 5. Be2 Nbd7 6. Be3 0-0 7. g4 c5 8. d5 Ne5 9. g5 Ne8 10. f4 Nd7 11. h4 Bxc3+ 12. bxc3 Ng7 13. h5 f5 14. hxg6 hxg6 15. Nh3 Kf7 16. Qd2 Rh8 17. 0-0-0 Nf8 18. e5 Qa5 19. e6+ Ngxe6 20. dxe6+ Bxe6 21. Nf2 Nd7 22. Rh6 Rxh6 23. gxh6 Nb6 24. Nh3 Qa3+ 25. Kb1 Bxc4 26. Bxc4+ Nxc4 27. Qd5+ 1-0

[Event "Santa Cruz Regional Norte zt"]
[Site "Santa Cruz"]
[Date "2017.05.05"]
[Round "2"]
[White "Dantas, David Luan de Barro"]
[Black "De Araujo, Antonio Jose"]
[Result "1-0"]
[WhiteElo "1862"]
[BlackElo "1601"]
[PlyCount "73"]
[EventDate "2017.05.05"]
[EventType "swiss"]
[EventRounds "6"]
[EventCountry "BRA"]
[SourceTitle "EXT 2018"]
[Source "ChessBase"]
[SourceDate "2017.10.13"]
[SourceVersion "1"]
[SourceVersionDate "2017.10.13"]
[SourceQuality "1"]

1. Nf3 Nf6 2. d4 g6 3. c4 Bg7 4. Nc3 0-0 5. e4 d6 6. Bg5 Nc6 7. Qd2 Bg4 8. Be2 e5 9. d5 Bxf3 10. dxc6 Bxe2 11. cxb7 Rb8 12. Qxe2 Rxb7 13. Nd5 c6 14. Nxf6+ Bxf6 15. Bxf6 Qxf6 16. Rd1 Rd8 17. Rd3 Rdb8 18. b3 c5 19. 0-0 Rb6 20. Rfd1 a5 21. Qd2 Rd8 22. Qxa5 Rbb8 23. Qd2 Rb6 24. Rd5 Kf8 25. Rxc5 dxc5 26. Qxd8+ Qxd8 27. Rxd8+ Ke7 28. Rd2 Rd6 29. Rxd6 Kxd6 30. Kf1 f5 31. exf5 gxf5 32. Ke2 e4 33. Ke3 Ke5 34. g3 h5 35. a4 Ke6 36. Kf4 Kf6 37. a5 1-0

[Event "Natal University Circuito Potiguar I"]
[Site "Natal"]
[Date "2017.04.09"]
[Round "5.3"]
[White "Macedo, Alexandre Soares"]
[Black "Dantas, David Luan de Barro"]
[Result "0-1"]
[WhiteElo "1859"]
[BlackElo "1843"]
[PlyCount "55"]
[EventDate "2017.04.07"]
[EventType "swiss"]
[EventRounds "5"]
[EventCountry "BRA"]
[SourceTitle "EXT 2022"]
[Source "ChessBase"]
[SourceDate "2021.10.06"]
[SourceVersion "1"]
[SourceVersionDate "2021.10.06"]
[SourceQuality "1"]

1. b4 d5 2. Bb2 Bf5 3. Nf3 e6 4. e3 Nf6 5. a3 Be7 6. Nc3 Nbd7 7. Be2 0-0 8. 0-0 c6 9. Nh4 Qc7 10. Nxf5 exf5 11. f4 Ne4 12. d3 Nxc3 13. Bxc3 Bf6 14. Bxf6 Nxf6 15. h3 Rfe8 16. Qd2 Re7 17. Rae1 Rae8 18. Bd1 Qb6 19. Rf3 d4 20. c4 dxc3 21. Qc1 Nd5 22. Kf2 a5 23. bxa5 Qxa5 24. Bb3 Ra8 25. a4 Ree8 26. Qa3 Rf8 27. Ra1 Qb4 28. Qa2 0-1

[Event "Joao Pessoa Fischer Memorial 8th"]
[Site "Joao Pessoa"]
[Date "2017.03.17"]
[Round "1"]
[White "Barbosa, Paulo Eduardo E Sil"]
[Black "Dantas, David Luan de Barro"]
[Result "1-0"]
[WhiteElo "2274"]
[BlackElo "1826"]
[PlyCount "71"]
[EventDate "2017.03.17"]
[EventType "swiss"]
[EventRounds "6"]
[EventCountry "BRA"]
[SourceTitle "CBM 177 Extra"]
[Source "ChessBase"]
[SourceDate "2017.04.27"]
[SourceVersion "1"]
[SourceVersionDate "2017.04.27"]
[SourceQuality "1"]

1. d4 Nf6 2. c4 g6 3. Nc3 Bg7 4. e4 d6 5. Be2 0-0 6. Nf3 c5 7. d5 Na6 8. h3 Nc7 9. 0-0 Bd7 10. a4 b6 11. Bf4 a6 12. e5 Nfe8 13. Re1 Rb8 14. Bf1 b5 15. axb5 axb5 16. Ne4 bxc4 17. Bxc4 Rxb2 18. exd6 exd6 19. Nxd6 Nxd6 20. Bxd6 Ba4 21. Bxc7 Bxd1 22. Bxd8 Bxf3 23. Be7 Rb7 24. Bxf8 Bxa1 25. Bh6 Rb8 26. Rxa1 Be4 27. Re1 Bf5 28. d6 Rd8 29. g4 Be6 30. Bxe6 fxe6 31. Rxe6 Rd7 32. Rf6 Rf7 33. d7 Rxf6 34. d8Q+ Kf7 35. Qd7+ Kg8 36. Qg7# 1-0

[Event "Rio Grande do Norte zt CBX"]
[Site "Natal"]
[Date "2016.04.23"]
[Round "4.3"]
[White "Dantas, David Luan de Barro"]
[Black "Dos Anjos, Avner Augusto"]
[Result "1-0"]
[WhiteElo "1845"]
[BlackElo "1958"]
[PlyCount "55"]
[EventDate "2016.04.22"]
[EventType "swiss"]
[EventRounds "6"]
[EventCountry "BRA"]
[SourceTitle "EXT 2022"]
[Source "ChessBase"]
[SourceDate "2021.10.06"]
[SourceVersion "1"]
[SourceVersionDate "2021.10.06"]
[SourceQuality "1"]

1. e4 c5 2. Nf3 d6 3. d4 cxd4 4. Nxd4 Nf6 5. Nc3 g6 6. f4 Nc6 7. Nxc6 bxc6 8. e5 dxe5 9. Qxd8+ Kxd8 10. fxe5 Ng4 11. Bf4 Bg7 12. 0-0-0+ Ke8 13. Re1 Be6 14. h3 Bh6 15. Bxh6 Nxh6 16. g4 Kd8 17. Rd1+ Kc7 18. Bg2 Rhd8 19. b3 Rab8 20. Rhf1 Rxd1+ 21. Rxd1 Rb4 22. a3 Rf4 23. Rd2 Ng8 24. Ne2 Rf2 25. Nd4 Rxd2 26. Nxe6+ fxe6 27. Kxd2 Kb6 28. g5 1-0

[Event "Natal Academia Potiguar 20th"]
[Site "Natal"]
[Date "2016.04.09"]
[Round "1.1"]
[White "Dantas, David Luan de Barro"]
[Black "Rocha, Vitor Firmo de Souz"]
[Result "0-1"]
[WhiteElo "1845"]
[BlackElo "2150"]
[PlyCount "36"]
[EventDate "2016.04.09"]
[EventType "tourn"]
[EventRounds "7"]
[EventCountry "BRA"]
[SourceTitle "EXT 2022"]
[Source "ChessBase"]
[SourceDate "2021.10.06"]
[SourceVersion "1"]
[SourceVersionDate "2021.10.06"]
[SourceQuality "1"]

1. d4 Nf6 2. Nf3 d5 3. c4 e6 4. Nc3 Bb4 5. a3 Bxc3+ 6. bxc3 0-0 7. Bg5 c5 8. Bxf6 Qxf6 9. e3 Nc6 10. Be2 dxc4 11. Bxc4 e5 12. dxe5 Nxe5 13. Nxe5 Qxe5 14. Qb3 b5 15. Bd5 c4 16. Qxb5 Qxc3+ 17. Ke2 Bg4+ 18. f3 Rab8 0-1

[Event "Joao Pessoa Fischer Memorial 7th"]
[Site "Joao Pessoa"]
[Date "2016.03.11"]
[Round "1"]
[White "Matsuura, Everaldo"]
[Black "Dantas, David Luan de Barro"]
[Result "1-0"]
[WhiteElo "2494"]
[BlackElo "1868"]
[PlyCount "35"]
[EventDate "2016.03.11"]
[EventType "swiss"]
[EventRounds "6"]
[EventCountry "BRA"]
[SourceTitle "CBM 171 Extra"]
[Source "ChessBase"]
[SourceDate "2016.04.26"]
[SourceVersion "1"]
[SourceVersionDate "2016.04.26"]
[SourceQuality "1"]

1. e4 c5 2. c3 Nc6 3. d4 cxd4 4. cxd4 d5 5. exd5 Qxd5 6. Nf3 Bg4 7. Nc3 Qd8 8. d5 Bxf3 9. Qxf3 Ne5 10. Bb5+ Nd7 11. 0-0 a6 12. Ba4 b5 13. Bb3 Ngf6 14. Re1 Nc5 15. Bg5 Nxb3 16. axb3 Qd6 17. Nxb5 Qb8 18. d6 1-0

[Event "Natal Potiguar-ch"]
[Site "Natal"]
[Date "2016.02.28"]
[Round "11.6"]
[White "Dantas, David Luan de Barro"]
[Black "Frankental, David"]
[Result "0-1"]
[WhiteElo "1864"]
[BlackElo "1793"]
[PlyCount "70"]
[EventDate "2016.02.19"]
[EventType "tourn"]
[EventRounds "11"]
[EventCountry "BRA"]
[SourceTitle "EXT 2022"]
[Source "ChessBase"]
[SourceDate "2021.10.06"]
[SourceVersion "1"]
[SourceVersionDate "2021.10.06"]
[SourceQuality "1"]

1. Nf3 d5 2. g3 Nc6 3. Bg2 e5 4. d3 f5 5. 0-0 e4 6. Ne1 h5 7. dxe4 fxe4 8. c4 Be6 9. cxd5 Bxd5 10. Nc3 Nf6 11. Nxd5 Qxd5 12. Qxd5 Nxd5 13. Bxe4 0-0-0 14. Bg5 Be7 15. Nf3 Bf6 16. Bxf6 gxf6 17. Rfd1 Nde7 18. Rac1 Ne5 19. Nxe5 fxe5 20. Rd3 Rxd3 21. exd3 b6 22. Re1 Kd7 23. Kg2 Kd6 24. Kh3 Ng8 25. Rc1 c5 26. b4 Nf6 27. bxc5+ bxc5 28. Rb1 Nxe4 29. dxe4 c4 30. Rc1 Kc5 31. Kg2 Kd4 32. f3 Kd3 33. Kf2 c3 34. Ke1 c2 35. f4 Rb8 0-1

[Event "Natal Potiguar-ch"]
[Site "Natal"]
[Date "2016.02.26"]
[Round "9.6"]
[White "Pinto, Carlos Henrique Lop"]
[Black "Dantas, David Luan de Barro"]
[Result "1-0"]
[WhiteElo "2061"]
[BlackElo "1864"]
[PlyCount "72"]
[EventDate "2016.02.19"]
[EventType "tourn"]
[EventRounds "11"]
[EventCountry "BRA"]
[SourceTitle "EXT 2022"]
[Source "ChessBase"]
[SourceDate "2021.10.06"]
[SourceVersion "1"]
[SourceVersionDate "2021.10.06"]
[SourceQuality "1"]

1. d4 Nf6 2. c4 e6 3. Nf3 d5 4. g3 Bb4+ 5. Bd2 Nc6 6. Bg2 0-0 7. Qc2 a5 8. 0-0 b6 9. Bf4 Bd6 10. a3 Bxf4 11. gxf4 Bb7 12. cxd5 exd5 13. Nbd2 Re8 14. e3 Ne7 15. Rac1 c6 16. Ne5 Rc8 17. Ndf3 c5 18. Bh3 Rc7 19. Ng5 Rf8 20. Qb3 Bc8 21. Qxb6 Bxh3 22. Nxh3 Nd7 23. Qxa5 Nxe5 24. fxe5 Qd7 25. f3 Rb7 26. Nf4 cxd4 27. exd4 Rxb2 28. Rf2 Rb5 29. Qd2 Ra8 30. Qd3 Rba5 31. Rc3 Qf5 32. Qe3 Ng6 33. Nxg6 Qb1+ 34. Rf1 Qxg6+ 35. Kh1 Qa6 36. Rg1 g6 1-0

[Event "Natal Potiguar-ch"]
[Site "Natal"]
[Date "2016.02.24"]
[Round "7"]
[White "Macedo, Maximo Iack Miranda"]
[Black "Dantas, David Luan de Barro"]
[Result "1-0"]
[WhiteElo "2308"]
[BlackElo "1864"]
[PlyCount "59"]
[EventDate "2016.02.19"]
[EventType "tourn"]
[EventRounds "11"]
[EventCountry "BRA"]
[SourceTitle "CBM 171 Extra"]
[Source "ChessBase"]
[SourceDate "2016.04.26"]
[SourceVersion "1"]
[SourceVersionDate "2016.04.26"]
[SourceQuality "1"]

1. d4 Nf6 2. c4 g6 3. Nc3 Bg7 4. e4 d6 5. Nf3 Nbd7 6. Be3 0-0 7. Be2 e5 8. d5 Ng4 9. Bg5 f6 10. Bh4 a6 11. Nd2 Nh6 12. Qc2 Qe8 13. 0-0-0 f5 14. f3 Nf6 15. h3 f4 16. Bf2 Nh5 17. c5 Bf6 18. Nc4 Nf7 19. cxd6 Nxd6 20. Bc5 Qd8 21. Kb1 Ng3 22. Rhe1 b6 23. Ba3 Rf7 24. Bd3 Nxc4 25. Bxc4 Be7 26. Bxe7 Qxe7 27. d6 cxd6 28. Bxf7+ Kxf7 29. Nd5 Qd8 30. Qc7+ 1-0

[Event "Natal Potiguar-ch"]
[Site "Natal"]
[Date "2016.02.21"]
[Round "4"]
[White "Dantas, David Luan de Barro"]
[Black "Macedo, Maximo Valerio"]
[Result "1/2-1/2"]
[WhiteElo "1864"]
[BlackElo "2059"]
[PlyCount "38"]
[EventDate "2016.02.19"]
[EventType "tourn"]
[EventRounds "11"]
[EventCountry "BRA"]
[SourceTitle "CBM 171 Extra"]
[Source "ChessBase"]
[SourceDate "2016.04.26"]
[SourceVersion "1"]
[SourceVersionDate "2016.04.26"]
[SourceQuality "1"]

1. Nf3 f5 2. c4 Nf6 3. Nc3 g6 4. d4 Bg7 5. Bf4 d6 6. h3 c6 7. e3 0-0 8. Be2 Na6 9. 0-0 Nc7 10. Qc2 Kh8 11. Rfd1 Be6 12. b4 Qd7 13. Rab1 Rfc8 14. a4 a6 15. a5 Rab8 16. Na4 Ng8 17. c5 Rf8 18. Nd2 Rbd8 19. Nc4 Bxc4 1/2-1/2

[Event "Natal-ch"]
[Site "Natal"]
[Date "2016.02.07"]
[Round "3"]
[White "Macedo, Maximo Valerio"]
[Black "Dantas, David Luan de Barro"]
[Result "1/2-1/2"]
[WhiteElo "2059"]
[BlackElo "1864"]
[PlyCount "62"]
[EventDate "2016.02.06"]
[EventType "swiss"]
[EventRounds "6"]
[EventCountry "BRA"]
[SourceTitle "CBM 171 Extra"]
[Source "ChessBase"]
[SourceDate "2016.04.26"]
[SourceVersion "1"]
[SourceVersionDate "2016.04.26"]
[SourceQuality "1"]

1. f4 Nf6 2. Nf3 c5 3. g3 b6 4. Bg2 Bb7 5. 0-0 g6 6. d3 d5 7. c3 Bg7 8. e4 dxe4 9. Ng5 0-0 10. Nxe4 Qc7 11. Na3 a6 12. Qe2 Nc6 13. Bd2 Rfd8 14. Rad1 Rd7 15. Bc1 e6 16. Nc2 Rad8 17. Ne3 Ne7 18. Nc4 Nxe4 19. dxe4 b5 20. Ne3 c4 21. Rxd7 Rxd7 22. Rd1 Qd8 23. Rxd7 Qxd7 24. Qd1 Qxd1+ 25. Nxd1 Nc8 26. e5 Bxg2 27. Kxg2 Bf8 28. Be3 Ne7 29. Bc5 Nd5 30. Bxf8 Kxf8 31. Kf3 Ke7 1/2-1/2

[Event "Rio Grande do Norte zt CBX"]
[Site "Natal"]
[Date "2015.03.29"]
[Round "4.8"]
[White "Gomes, Jose Murilo"]
[Black "Dantas, David Luan de Barro"]
[Result "1/2-1/2"]
[WhiteElo "1879"]
[BlackElo "1824"]
[PlyCount "69"]
[EventDate "2015.03.27"]
[EventType "swiss"]
[EventRounds "5"]
[EventCountry "BRA"]
[SourceTitle "EXT 2022"]
[Source "ChessBase"]
[SourceDate "2021.10.06"]
[SourceVersion "1"]
[SourceVersionDate "2021.10.06"]
[SourceQuality "1"]

1. e4 c5 2. Nf3 d6 3. Bb5+ Nc6 4. 0-0 Bd7 5. Nc3 Nf6 6. d4 cxd4 7. Nxd4 g6 8. Nxc6 bxc6 9. Ba4 Bg7 10. Bg5 0-0 11. Qd3 Rb8 12. Rad1 Ng4 13. Bb3 Kh8 14. h3 Ne5 15. Qe3 f6 16. Bh4 Qb6 17. Qxb6 Rxb6 18. f4 Nf7 19. e5 d5 20. Na4 Rb5 21. c4 dxc4 22. Bxc4 Rb4 23. b3 Bf5 24. g4 Bc8 25. a3 Rb8 26. Nc5 g5 27. fxg5 Nxe5 28. gxf6 Bxf6 29. Bxf6+ exf6 30. Rd6 f5 31. Ne6 Nxc4 32. bxc4 Bxe6 33. Rxe6 fxg4 34. Rxf8+ Rxf8 35. hxg4 1/2-1/2

[Event "Joao Pessoa op 6th"]
[Site "Joao Pessoa"]
[Date "2015.03.15"]
[Round "5"]
[White "Silva, Marcelo Valerian Jr"]
[Black "Dantas, David Luan de Barro"]
[Result "0-1"]
[WhiteElo "1631"]
[BlackElo "1824"]
[PlyCount "98"]
[EventDate "2015.03.13"]
[EventType "swiss"]
[EventRounds "6"]
[EventCountry "BRA"]
[SourceTitle "CBM 165 Extra"]
[Source "ChessBase"]
[SourceDate "2015.04.21"]
[SourceVersion "1"]
[SourceVersionDate "2015.04.21"]
[SourceQuality "1"]

1. e4 c5 2. Nf3 d6 3. Bb5+ Nc6 4. Nc3 Bd7 5. 0-0 Nf6 6. d3 g6 7. Bg5 Bg7 8. Re1 0-0 9. Qd2 a6 10. Bxc6 Bxc6 11. Bh6 b5 12. Bxg7 Kxg7 13. Ne2 Qc7 14. Ng3 Rad8 15. Qg5 e6 16. e5 dxe5 17. Qxe5 Qxe5 18. Nxe5 Bb7 19. Rad1 Rd5 20. Re3 Rfd8 21. Ne2 Nd7 22. f4 Kf6 23. Nc3 Rd4 24. Ne4+ Bxe4 25. Rxe4 Nxe5 26. fxe5+ Ke7 27. Rxd4 cxd4 28. Kf2 Rd5 29. Re1 f6 30. exf6+ Kxf6 31. Re4 Rc5 32. Re2 Rf5+ 33. Ke1 Re5 34. Rxe5 Kxe5 35. Ke2 Kd5 36. b4 e5 37. Kf3 h5 38. h4 Ke6 39. g4 Kf6 40. gxh5 gxh5 41. Ke4 Ke6 42. a3 Kf6 43. Kd5 Kf5 44. Kd6 Kg4 45. Kxe5 Kxh4 46. Kf4 Kh3 47. Kf3 h4 48. Kf2 Kg4 49. Kg2 Kf4 0-1

[Event "Potiguar-ch"]
[Site "Natal"]
[Date "2012.09.29"]
[Round "7"]
[White "Dantas, David Luan de Barro"]
[Black "Pinto, Carlos Henrique Lop"]
[Result "1-0"]
[WhiteElo "1801"]
[BlackElo "2168"]
[PlyCount "115"]
[EventDate "2012.09.21"]
[EventType "swiss"]
[EventRounds "9"]
[EventCountry "BRA"]
[SourceTitle "EXT 2022"]
[Source "ChessBase"]
[SourceDate "2021.10.06"]
[SourceVersion "1"]
[SourceVersionDate "2021.10.06"]
[SourceQuality "1"]

1. Nf3 Nf6 2. d4 d5 3. c4 dxc4 4. e3 b5 5. a4 c6 6. axb5 cxb5 7. Nc3 Qb6 8. b3 e6 9. bxc4 Bb4 10. Bd2 bxc4 11. Bxc4 0-0 12. Qb3 Nbd7 13. 0-0 Bxc3 14. Qxc3 Bb7 15. Rfb1 Qc7 16. Be2 Qxc3 17. Bxc3 Be4 18. Rb5 Nd5 19. Ba5 Rab8 20. Nd2 Bg6 21. e4 Nf4 22. Bf1 Rbc8 23. Rb7 Nf6 24. g3 N4h5 25. Bd3 a6 26. Rab1 h6 27. f3 Nd5 28. R7b3 Nc7 29. Bxc7 Rxc7 30. Bxa6 Rc2 31. R3b2 Rxb2 32. Rxb2 Nf6 33. Nc4 Ra8 34. Rb6 Ne8 35. Rc6 Kf8 36. Ne5 Bh7 37. Nd7+ Ke7 38. Nc5 Rd8 39. Nb3 g5 40. Kf2 g4 41. Ke3 gxf3 42. Kxf3 Rb8 43. Rc3 Nd6 44. e5 Ne4 45. Rc7+ Kd8 46. Rb7 Rc8 47. Kf4 Rc2 48. Bd3 Rf2+ 49. Ke3 Rxh2 50. Bxe4 Bxe4 51. Kxe4 Ke8 52. Nc5 Re2+ 53. Kf3 Rd2 54. Ke3 Rg2 55. Ne4 Kf8 56. Rb8+ Ke7 57. Nf6 Rxg3+ 58. Kf4 1-0

[Event "Recife Arraes Memorial 5th"]
[Site "Recife"]
[Date "2012.09.07"]
[Round "3"]
[White "Hiramine, Rodrigo Yoshio Ferr"]
[Black "Dantas, David Luan de Barro"]
[Result "1/2-1/2"]
[WhiteElo "1971"]
[BlackElo "1801"]
[PlyCount "79"]
[EventDate "2012.09.06"]
[EventType "swiss"]
[EventRounds "7"]
[EventCountry "BRA"]
[SourceTitle "EXT 2013"]
[Source "ChessBase"]
[SourceDate "2012.11.22"]
[SourceVersion "1"]
[SourceVersionDate "2012.11.22"]
[SourceQuality "1"]

1. e4 c5 2. Nf3 Nc6 3. d4 cxd4 4. Nxd4 Nf6 5. Nc3 d6 6. Bg5 a6 7. Qd2 e6 8. 0-0-0 Be7 9. Be2 Bd7 10. Kb1 b5 11. a3 Rc8 12. f4 Na5 13. Rhe1 Nc4 14. Bxc4 Rxc4 15. e5 dxe5 16. fxe5 Ng4 17. Bxe7 Qxe7 18. h3 Nh6 19. Ne4 0-0 20. Nd6 Rc5 21. g4 Rd5 22. Qa5 f6 23. Nb3 fxe5 24. Qxa6 Nf7 25. Ne4 Bc8 26. Qb6 Rfd8 27. Nc3 Rxd1+ 28. Rxd1 Rxd1+ 29. Nxd1 Qb7 30. Qc5 Qb8 31. Nc3 Bd7 32. Ne4 Qb7 33. Nbd2 Bc6 34. Nd6 Qd7 35. Nxf7 Kxf7 36. Kc1 Qd4 37. Qxc6 Qg1+ 38. Nf1 Qxf1+ 39. Kd2 Qf2+ 40. Kd1 1/2-1/2